Responses for Show #2885 - Friday, February 28, 1997

Contestants

[<< previous game]

Kathie Hoagland, a bookseller originally from Anderson, Indiana

Greg Mayer, a university professor from Racine, Wisconsin

Laurent Ruseckas, a part-time consultant from New York City, New York (whose 1-day cash winnings total $6,395)

[next game >>]

Jeopardy! Round responses

THE 1800S
PEOPLE
ANNIVERSARY GIFTS
SPORTS
U.S. GEOGRAPHY
NUMBER, PLEASE
(all you have to do is come up with a number)
    $100 2
Little Big Horn

Laurent
    $100 13
Sarah Ferguson

Greg
    $100 26
Silver

Laurent
    $100 1
Goalkeeper

Greg
    $100 7
Boise

Kathie
    $100 21
57

Laurent
    $200 12
Wellington

Kathie
    $200 15
Michael Jackson

Greg
    $200 27
Crystal

Laurent
    $200 3
Blue Jays

Kathie
    $200 8
Mojave Desert

Kathie
    $200 22
40

Laurent
    $300 14
F.W. Woolworth

Kathie
    $300 18
Jacqueline Kennedy Onassis

Greg
    $300 28
(L: What is pearl?)

Coral

Laurent
Triple Stumper
    $300 4
New Jersey Devils

Laurent
    $300 9
Massachusetts

Greg
    $300 23
22

Greg
    $400 16
(G: What is a mazurka?)

Polka

Greg
Triple Stumper
    $400 19
Jamie Lee Curtis

Kathie
    $400 29
Lace

Kathie
    $400 5
Bonnie Blair

Laurent
    $400 10
New York

Kathie
    $400 24
1001

Greg
    $500 17
Cro-Magnon Man

Greg
    $500 20
Snoop Doggy Dogg

Laurent
    $1,300 30
Ivory

Kathie
    $500 6
Syracuse

Kathie
    $500 11
Leavenworth

Greg
    $500 25
88

Triple Stumper

Scores at the first commercial break (after clue 15):

Laurent Greg Kathie
$800 $1,200 $1,900

Scores at the end of the Jeopardy! Round:

Laurent Greg Kathie
$1,600 $2,300 $4,000

Double Jeopardy! Round responses

RULERS
ISLANDS
WOMEN DIRECTORS
SCIENCE
OPERA
FICTIONAL CHARACTERS
    $200 1
Venice

Kathie
    $200 8
Vancouver Island

Laurent
    $200 20
"Laverne And Shirley"

Laurent
    $200 13
Saturn

Greg
    $200 21
Arthur Sullivan

Kathie
    $200 2
Schoolteacher

Kathie
    $400 7
Nero

Greg
    $400 9
Komodo

Greg
    $400 22
"Homicide"

Laurent
    $400 14
The Manhattan Project

Laurent
    $400 24
Georges Bizet

Laurent
    $400 3
Pippi Longstocking

Kathie
    $600 15
Montezuma

Greg
    $600 10
North Island

Greg
    $600 28
Talia Shire

Kathie
    $600 16
Solid

Kathie
    $600 25
Giuseppe Verdi

Laurent
    $600 4
"The Accidental Tourist"

Kathie
    $800 18
Denmark

Kathie
    $800 11
Tierra Del Fuego

Greg
    $1,400 29
(Alex: The Prince of Tides and Yentl.)

Barbra Streisand

Kathie
    $800 17
Half-life

Laurent
    $800 26
Richard Wagner

Laurent
    $800 5
Walter Mitty

Triple Stumper
    $1,500 23
(L: Who were the Cordovas?)

The Hapsburgs

Laurent
    $1000 12
Martinique

Greg
    $1000 30
Lina Wertmuller

Kathie
    $1000 19
Joseph Lister

Triple Stumper
    $1000 27
Kiri Te Kanawa

Greg
    $1000 6
The Mambo Kings

Laurent

Scores at the end of the Double Jeopardy! Round:

Laurent Greg Kathie
$4,900 $7,300 $10,000

[wagering suggestions for these scores]

Final Jeopardy! Round responses

FLAGS
[Nova Scotia - New Scotland]
LaurentWhat is the CROSS of LORRAINE?
$4,750
GregWhat is St. Andrew's Cross
$990
KathieWhat is St. George
$4,601
St. Andrew

Final scores:

Laurent Greg Kathie
$150 $8,290 $5,399
3rd place: Zodiac Watches New champion: $8,290 2nd place: Trip to Mexico City & Ixtapa

Game dynamics:

Coryat scores:

Laurent Greg Kathie
$6,400 $7,300 $8,600
17 R,
2 W
(including 1 DD)
17 R,
1 W
20 R
(including 2 DDs),
0 W

Combined Coryat: $22,300

[game clues] [game scores] [suggest correction]

Game tape date: 1996-11-19
The J! Archive is created by fans, for fans. Scraping, republication, monetization, and malicious use prohibited; this site may use cookies and collect identifying information. See terms. The Jeopardy! game show and all elements thereof, including but not limited to copyright and trademark thereto, are the property of Jeopardy Productions, Inc. and are protected under law. This website is not affiliated with, sponsored by, or operated by Jeopardy Productions, Inc. Join the discussion at JBoard.tv.